[Event "Oberliga Wuerttemberg 0102"]
[Site "Wuerttemberg"]
[Date "2002.??.??"]
[Round "6"]
[White "Tschohl, Christof"]
[Black "Carstens, Andreas"]
[Result "1/2-1/2"]
[WhiteElo "2079"]
[BlackElo "2133"]
[PlyCount "47"]
[EventDate "2001.10.01"]
[EventType "team-tourn"]
[EventRounds "9"]
[EventCountry "GER"]
[SourceTitle "EXT 2019"]
[Source "ChessBase"]
[SourceDate "2018.10.10"]
[SourceVersion "1"]
[SourceVersionDate "2018.10.10"]
[SourceQuality "1"]
[WhiteTeam "Lindenberg"]
[BlackTeam "Sindelfingen"]
[WhiteTeamCountry "GER"]
[BlackTeamCountry "GER"]

1. e4 e6 2. d4 d5 3. Nd2 Nf6 4. Bd3 c5 5. c3 cxd4 6. cxd4 dxe4 7. Nxe4 Bb4+ 8. Nc3 Nc6 9. Nf3 0-0 10. 0-0 Be7 11. a3 a6 12. Be3 Nd5 13. Qc2 g6 14. Nxd5 exd5 15. Ne5 Nxe5 16. dxe5 Be6 17. f4 Rc8 18. Qf2 f5 19. Rac1 Qa5 20. Rfd1 Rc6 21. Rxc6 bxc6 22. Bb6 Qa4 23. Bc2 Qb5 24. Bd3 1/2-1/2

[Event "Oberliga Wuerttemberg 0102"]
[Site "Wuerttemberg"]
[Date "2002.??.??"]
[Round "8"]
[White "Weiss, Andreas"]
[Black "Tschohl, Christof"]
[Result "1-0"]
[WhiteElo "2213"]
[BlackElo "2079"]
[PlyCount "47"]
[EventDate "2001.10.01"]
[EventType "team-tourn"]
[EventRounds "9"]
[EventCountry "GER"]
[SourceTitle "EXT 2019"]
[Source "ChessBase"]
[SourceDate "2018.10.10"]
[SourceVersion "1"]
[SourceVersionDate "2018.10.10"]
[SourceQuality "1"]
[WhiteTeam "Schwaebisch Gmuend"]
[BlackTeam "Lindenberg"]
[WhiteTeamCountry "GER"]
[BlackTeamCountry "GER"]

1. e4 c5 2. g3 g6 3. Bg2 Bg7 4. d3 Nc6 5. f4 d6 6. Nf3 Nf6 7. 0-0 0-0 8. c3 Rb8 9. a4 a6 10. Re1 Nd7 11. Be3 b5 12. axb5 axb5 13. d4 cxd4 14. cxd4 e5 15. fxe5 dxe5 16. d5 Na5 17. Nbd2 Nb7 18. Nb3 Nd6 19. Na5 Bb7 20. Nc6 Qe8 21. Nxb8 Qxb8 22. Qb3 h6 23. Qb4 f5 24. Ba7 1-0

[Event "AUT-chT2W 0102"]
[Site "Austria"]
[Date "2001.10.12"]
[Round "1.5"]
[White "Tschohl, Christof"]
[Black "Natter, Markus"]
[Result "1-0"]
[WhiteElo "2136"]
[BlackElo "2121"]
[PlyCount "69"]
[EventDate "2001.10.12"]
[EventType "team-tourn"]
[EventRounds "11"]
[EventCountry "AUT"]
[SourceTitle "EXT 2002"]
[Source "ChessBase"]
[SourceDate "2001.11.25"]
[SourceVersion "1"]
[SourceVersionDate "2001.11.25"]
[SourceQuality "1"]

1. e4 d5 2. exd5 Qxd5 3. Nc3 Qa5 4. d4 c6 5. Nf3 Nf6 6. Bd2 Bf5 7. Bc4 e6 8. Qe2 Bb4 9. a3 Nbd7 10. 0-0-0 Bxc3 11. Bxc3 Qc7 12. d5 cxd5 13. Bxd5 0-0 14. Bxf6 Nxf6 15. Bb3 Be4 16. Rd4 Qf4+ 17. Qe3 Qxe3+ 18. fxe3 Rac8 19. Rhd1 h6 20. c3 Bc6 21. Bc2 Rfe8 22. Ne5 Bxg2 23. e4 h5 24. Rg1 Bh3 25. Rd3 Bg4 26. Re3 Rc5 27. Nd3 Rc4 28. h3 Bxh3 29. Rxh3 Rxe4 30. Rhg3 Rg4 31. Rxg4 Nxg4 32. Nf4 g6 33. Nxg6 fxg6 34. Bxg6 Kf8 35. Bxh5 1-0

[Event "AUT-chT 0001"]
[Site "Austria"]
[Date "2001.01.19"]
[Round "6.1"]
[White "Tschohl, Christof"]
[Black "Enigl, Karl"]
[Result "1/2-1/2"]
[WhiteElo "2150"]
[BlackElo "2205"]
[PlyCount "44"]
[EventDate "2000.10.21"]
[EventType "team-tourn"]
[EventRounds "11"]
[EventCountry "AUT"]
[SourceTitle "EXT 2001"]
[Source "ChessBase"]
[SourceDate "2000.11.22"]
[SourceVersion "1"]
[SourceVersionDate "2000.11.22"]
[SourceQuality "1"]
[WhiteTeam "Hohenems"]
[BlackTeam "Salzburg Mozart"]
[WhiteTeamCountry "AUT"]
[BlackTeamCountry "AUT"]

1. e4 Nf6 2. e5 Nd5 3. d4 d6 4. c4 Nb6 5. Nc3 dxe5 6. dxe5 Qxd1+ 7. Nxd1 Nc6 8. Bf4 Be6 9. Ne3 0-0-0 10. Nf3 f6 11. Be2 g5 12. Bg3 h5 13. h3 Rg8 14. Nd2 f5 15. f4 Bh6 16. Rf1 gxf4 17. Bxf4 Bxf4 18. Rxf4 Nxe5 19. Nxf5 Bxf5 20. Rxf5 Nd3+ 21. Bxd3 Rxd3 22. Rf2 Na4 1/2-1/2

[Event "AUT-chT2W 0001"]
[Site "Austria"]
[Date "2000.11.26"]
[Round "5.4"]
[White "Tschohl, Christof"]
[Black "Kleissl, Helmut"]
[Result "0-1"]
[WhiteElo "2150"]
[BlackElo "2277"]
[PlyCount "66"]
[EventDate "2000.??.??"]
[EventType "team-tourn"]
[EventRounds "9"]
[EventCountry "AUT"]
[SourceTitle "EXT 2002"]
[Source "ChessBase"]
[SourceDate "2001.11.25"]
[SourceVersion "1"]
[SourceVersionDate "2001.11.25"]
[SourceQuality "1"]

1. e4 g6 2. d4 Bg7 3. Nc3 d6 4. f4 a6 5. Be3 Nd7 6. Nf3 b5 7. d5 Ngf6 8. a3 Bb7 9. Nd4 0-0 10. Bd3 Nb8 11. 0-0 c5 12. dxc6 Nxc6 13. Nxc6 Bxc6 14. Rb1 Qd7 15. f5 Qb7 16. Bd4 a5 17. fxg6 hxg6 18. Qe2 b4 19. Nd5 Bxd5 20. exd5 Qxd5 21. c3 e5 22. Bf2 Rab8 23. Rbd1 Qe6 24. axb4 axb4 25. Be1 bxc3 26. Bxc3 Rfe8 27. b4 d5 28. Ra1 Nh5 29. Ra6 Rb6 30. Qa2 Nf4 31. Bb5 d4 32. Bxe8 Rxa6 33. Bxf7+ Kxf7 0-1

[Event "AUT-chT2W 0001"]
[Site "Austria"]
[Date "2000.10.28"]
[Round "2.4"]
[White "Tschohl, Christof"]
[Black "Gerhold, Michael"]
[Result "0-1"]
[WhiteElo "2150"]
[BlackElo "2225"]
[PlyCount "78"]
[EventDate "2000.??.??"]
[EventType "team-tourn"]
[EventRounds "9"]
[EventCountry "AUT"]
[SourceTitle "EXT 2002"]
[Source "ChessBase"]
[SourceDate "2001.11.25"]
[SourceVersion "1"]
[SourceVersionDate "2001.11.25"]
[SourceQuality "1"]

1. e4 c5 2. c3 d5 3. exd5 Qxd5 4. d4 Nf6 5. Nf3 Nc6 6. Be2 e6 7. 0-0 Be7 8. h3 0-0 9. Be3 cxd4 10. cxd4 b6 11. Nc3 Qd6 12. Rc1 Bb7 13. a3 Rac8 14. Qa4 a6 15. b4 b5 16. Qb3 Rfd8 17. Rfd1 h6 18. Rc2 Bf8 19. Bd3 Ne7 20. Ne5 Ned5 21. Rdc1 Nxc3 22. Rxc3 Rxc3 23. Qxc3 Qd5 24. Bf1 Bd6 25. Nd3 Ne4 26. Qb2 Ng5 27. f3 Nxf3+ 28. gxf3 Qxf3 29. Qd2 Qg3+ 30. Bg2 Bxg2 31. Bf4 Bxf4 32. Qxf4 Qxd3 33. Kxg2 Rxd4 34. Rc8+ Kh7 35. Qxf7 Qe2+ 36. Qf2 Qe4+ 37. Kh2 Qe5+ 38. Kg1 Rd1+ 39. Kg2 Qd5+ 0-1

[Event "AUT-chT2W 0001"]
[Site "Austria"]
[Date "2000.10.27"]
[Round "1.4"]
[White "Brugger, Hugo"]
[Black "Tschohl, Christof"]
[Result "1/2-1/2"]
[WhiteElo "2153"]
[BlackElo "2150"]
[PlyCount "61"]
[EventDate "2000.??.??"]
[EventType "team-tourn"]
[EventRounds "9"]
[EventCountry "AUT"]
[SourceTitle "EXT 2002"]
[Source "ChessBase"]
[SourceDate "2001.11.25"]
[SourceVersion "1"]
[SourceVersionDate "2001.11.25"]
[SourceQuality "1"]

1. e4 c5 2. Nc3 Nc6 3. g3 g6 4. Bg2 Bg7 5. d3 e6 6. Be3 d6 7. Qd2 Nd4 8. Nd1 Ne7 9. c3 Ndc6 10. Bh6 0-0 11. h4 f5 12. h5 Qe8 13. hxg6 Qxg6 14. Bxg7 Qxg7 15. Ne2 e5 16. Qh6 Qxh6 17. Rxh6 Ng6 18. exf5 Kg7 19. Rh2 Bxf5 20. Be4 Be6 21. Ne3 Nce7 22. c4 Rad8 23. Nc3 Nf5 24. Nxf5+ Bxf5 25. 0-0-0 Rd7 26. Rdh1 Kh8 27. Kd2 Rff7 28. Nd5 Nf8 29. Ne3 Bxe4 30. dxe4 Ne6 31. Nf5 1/2-1/2

[Event "AUT-chT2W 9900"]
[Site "Austria"]
[Date "2000.01.22"]
[Round "7"]
[White "Eiler, Gebhard"]
[Black "Tschohl, Christof"]
[Result "1/2-1/2"]
[WhiteElo "2080"]
[BlackElo "2117"]
[PlyCount "47"]
[EventDate "1999.10.15"]
[EventType "team-tourn"]
[EventRounds "11"]
[EventCountry "AUT"]
[SourceTitle "EXT 2000"]
[Source "ChessBase"]
[SourceDate "1999.11.16"]
[SourceVersion "1"]
[SourceVersionDate "1999.11.16"]
[SourceQuality "1"]

1. d4 d5 2. Nf3 Nf6 3. e3 e6 4. Bd3 c5 5. c3 Nc6 6. Nbd2 Bd6 7. 0-0 0-0 8. dxc5 Bxc5 9. e4 Qc7 10. Qe2 h6 11. e5 Ng4 12. Nb3 Bb6 13. Bf4 f6 14. Bg3 Ngxe5 15. Nxe5 fxe5 16. Nd2 Qf7 17. Bxe5 Nxe5 18. Qxe5 Bc7 19. Qe2 e5 20. c4 Be6 21. cxd5 Bxd5 22. Ne4 Rad8 23. b3 Bb6 24. Rac1 1/2-1/2

[Event "AUT-chT2W 9900"]
[Site "Austria"]
[Date "1999.11.20"]
[Round "5"]
[White "Koenig, Dietrich"]
[Black "Tschohl, Christof"]
[Result "1-0"]
[WhiteElo "2297"]
[BlackElo "2046"]
[PlyCount "107"]
[EventDate "1999.10.15"]
[EventType "team-tourn"]
[EventRounds "11"]
[EventCountry "AUT"]
[SourceTitle "EXT 2000"]
[Source "ChessBase"]
[SourceDate "1999.11.16"]
[SourceVersion "1"]
[SourceVersionDate "1999.11.16"]
[SourceQuality "1"]

1. d4 d5 2. Bf4 Nf6 3. e3 e6 4. Nd2 c5 5. c3 Nc6 6. Ngf3 Bd6 7. Bg3 0-0 8. Bd3 b6 9. Ne5 Bxe5 10. dxe5 Nd7 11. f4 f5 12. exf6 Nxf6 13. 0-0 Bb7 14. Qe2 Qe7 15. e4 d4 16. Nf3 Nh5 17. Ng5 Nxg3 18. hxg3 h6 19. Nxe6 Rf6 20. Bc4 Rxe6 21. f5 Bc8 22. Bd5 Qd6 23. fxe6 Bxe6 24. Bxc6 Qxc6 25. cxd4 cxd4 26. Rac1 Qd6 27. e5 Qd7 28. b3 d3 29. Qe4 Rd8 30. Rcd1 Bg4 31. Rd2 b5 32. Re1 Qd4+ 33. Qxd4 Rxd4 34. Re3 Bf5 35. e6 Kf8 36. Rf3 g6 37. g4 Rxg4 38. Rdxd3 Ke7 39. Rd7+ Kxe6 40. Rxa7 Kd5 41. a4 bxa4 42. Rxa4 Be4 43. Rf2 h5 44. Rd2+ Kc5 45. Rc4+ Kb5 46. Rd8 Kb6 47. Rd2 Kb5 48. Re2 Bf5 49. Re5+ Kb6 50. Rxg4 Bxg4 51. Rg5 Bd1 52. Rxg6+ Kb5 53. Rg3 Kb4 54. Kh2 1-0